000 00418cam a22001217a 4500
008 180718b1968 xxu||||| |||| 00| 0 eng d
082 _aB262x5471 R212
100 _aRay, Jayanta Kumar
245 _aDemocracy and nationalism on trial: a study of East Pakistan
_cby Jayanta Kumar Ray
260 _aSimla
_bIndian Institute od Advanced Study
_c1968
300 _aiii, 400p
650 _aBangladesh --Politics and government.
999 _c421084
_d421084